| 000 | 00776nam a22002177a 4500 | ||
|---|---|---|---|
| 003 | OSt | ||
| 005 | 20260312011939.0 | ||
| 008 | 260312b |||||||| |||| 00| 0 eng d | ||
| 020 | _a0-448-42653-6 | ||
| 040 |
_aDWCL GS lib _cOC |
||
| 082 | _2K94k 2002 | ||
| 100 | _aKatie Kazoo Switcheroo: anyone but me | ||
| 245 |
_aKatie Kazoo Switcheroo: anyone but me _cKRULIK, NANCY |
||
| 260 |
_aCanada _bGrosset & Dunlap _c2002. |
||
| 300 |
_a76 p _billustrations _c19cm. |
||
| 520 | _aIn Katie Kazoo Switcheroo: Anyone But Me by Nancy Krulik, third-grader Katie Carew is fed up with being teased by bully George Brennan and wishes to be anyone else. | ||
| 546 | _aEnglish | ||
| 650 | _2Self-acceptance | ||
| 650 | _2Respect and Understand Others | ||
| 942 |
_2ddc _cFIC. _hFic. _n0 |
||
| 999 |
_c8981 _d8981 |
||